Personnages de Super Smash Bros. - Mort Subite #2 - Statistiques

Statistiques générales
  • Ce quiz a été pris 729 fois
  • Le résultat moyen est 8 sur 13
Answers on the Grid
Answers color-coded by a green-red scale on the quiz's grid according to % correct below.
Sheik
Sephiroth
Hitman
Link cartoon
Master Chief
Pit maléfique
Samus combinaison Varia
Daraen
Creeper
Marie
Simon
Kratos
Sonic
Roi Dadidou
Entraîneuse Wii Fit
Archéduc
Little Mac
Ken
Barbie
Donkey Kong Jr.
Peach d'or rose
Maskass
Eggman
Superman
Falco
Paula
Naked Snake
Kohga
Koga
Mario de papier
 
Statistiques - réponses
Réponse % Correct
Sheik
79%
Link cartoon
77%
Pit maléfique
71%
Entraîneuse Wii Fit
70%
Sonic
70%
Roi Dadidou
69%
Marie
68%
Sephiroth
63%
Simon
58%
Little Mac
57%
Daraen
55%
Falco
51%
Ken
49%
Aucun quiz correspondant
Distribution des résultats
% des personnes avec chaque résultat
Percentile par nombre de réponses
Votre historique - résultats
Vous n’avez pas pris ce quiz